000 00398nam a22001697a 4500
005 20180305145453.0
008 160616b xxu||||| |||| 00| 0 eng d
020 _a81-7898-439-3
041 _aeng
082 _b7894
_a332.6
100 _aBatra, Promod & Vijay
_91858
245 _aProfitable Management
260 _bThink Ine
_c2004
300 _a131
650 _aManagement
_9241
942 _cBK
999 _c2864
_d2863